000 00275nam a2200109Ia 4500
001 588948
005 20250717120840.0
008 250717s9999 xx 000 0 und d
245 0 _aY-9 YAVUZ SULTAN SELİM
_cİSMAİL BİLGİN
260 _bERDEM YAYINLARI
_c2020
300 _b103
999 _c588948
_d588948